|
|
|
|
| LEADER |
00000nam a2200000 a 4500 |
| 001 |
si5232 |
| 005 |
20240113063616.0 |
| 008 |
010121|2010 ||||||||r|||||||||||spa|| |
| 040 |
|
|
|b spa
|
| 041 |
1 |
|
|a spa
|
| 082 |
0 |
|
|a 986.62
|
| 100 |
1 |
|
|a Izquierdo López, Alejandro Efraín.
|9 3224
|
| 245 |
|
|
|a Monografía histórica del Cantón Gualaceo
|c Alejandro Efraín Izquierdo López, Seudónimo, Sísifo
|h imp
|
| 264 |
|
|
|a Cuenca
|c 2010
|
| 300 |
|
|
|a 81 páginas:
|b ilu
|c 30 cm
|
| 500 |
|
|
|a I Concurso de Historia de los Cantones de la Provincia del Azuay
|
| 504 |
|
|
|a incl. ref.
|
| 650 |
|
0 |
|a Historia del azuay
|9 5049
|
| 650 |
|
|
|a Gualaceo
|9 1968
|
| 650 |
|
|
|a Historia de gualaceo
|9 3225
|
| 650 |
|
|
|a Sociedad y cultura
|9 23912
|
| 650 |
|
|
|a Fiestas tradicionales
|9 63327
|
| 650 |
|
|
|9 87
|a Turismo
|
| 650 |
|
0 |
|a Economía
|9 2331
|
| 700 |
1 |
|
|a Brito Román, Juan Carlos.
|e coautor
|9 216544
|
| 700 |
1 |
|
|a Cuesta Rodríguez, Yadira Salomé
|e coautor
|9 216543
|
| 852 |
|
|
|a UC-CDJBV
|c TERCER PISO
|f Donación
|k guillermina.martinez
|l 1
|m General
|p 20101216
|q 1,00
|r 2
|t si5232
|b 0
|d CDRC
|e CDRC
|g 986.62 TERCER PISO
|z 2010-01-21
|
| 942 |
|
|
|c BK
|
| 999 |
|
|
|c 60096
|d 60096
|